| 000 | 00787nam0a22002411 4500 | ||
|---|---|---|---|
| 001 | rc\2647626 | ||
| 005 | 20250529190929.0 | ||
| 035 | _a(NLR Aleph) 006955273 | ||
| 090 |
_a5287284 _c5287284 |
||
| 100 | _a20110609d1931 |||y0rusy50 ca | ||
| 101 | 0 | _arus | |
| 102 | _aRU | ||
| 105 | _ay z ||||| | ||
| 200 | 1 |
_aХромит _fН.А. Дюкалов _gВсес.-Зап. торг. палата |
|
| 210 |
_aМосква _cБ. и. _d1931 _g21-я тип. "Мособлполиграфа" |
||
| 215 |
_a77 с. _d16х12 см |
||
| 320 | _aБиблиогр.: "Библиография" (с. 73-77) | ||
| 700 | 1 |
_aДюкалов _bН.А. _gНиколай Александрович |
|
| 801 | 0 |
_aRU _bNLR _gpsbo |
|
| 801 | 1 |
_aRU _bELAR _2rusmarc |
|
| 852 |
_aNLR _j31-8/4115 |
||
| 942 | _cBOOK | ||
| 980 | _aNB | ||